| 000 | 00888nam a2200205 a 4500 | ||
|---|---|---|---|
| 001 | 001163264 | ||
| 003 | AM-YeHGA | ||
| 005 | 20250617152506.0 | ||
| 008 | 160712s1995 ru r 000 0 rus d | ||
| 040 | _aAM-YeHGA | ||
| 041 | 0 | _arus | |
| 245 | 0 | 0 |
_aМудрость древних и тайные общества : _bИллюстрированная история тайных учений, скрытых за ритуалами, символами и мистериями всех времен / _cПер. с англ. под ред. А.И. Жеребцова. |
| 260 |
_aСмоленск : _bРусич, _c1995. |
||
| 300 |
_a175 с. : _bил. |
||
| 440 | 0 | _aНеразгаданные тайны | |
| 504 | _aБиблиогр. : с. 170-171 | ||
| 653 | 0 | _aТайные общества - История | |
| 700 | 1 |
_aЖеребцов, А.И. _eпер. _4trl |
|
| 090 | _c373633 | ||
| 999 |
_c371754 _d371754 |
||